| 000 | 00458nam a2200157 i 4500 | ||
|---|---|---|---|
| 001 | 51620 | ||
| 003 | ES-MaACL | ||
| 005 | 20230906162409.0 | ||
| 007 | t| | ||
| 008 | 030814s1970 sp ||||1| spa d | ||
| 100 | 1 |
_aChico González, Pedro. _938490 |
|
| 245 | 1 | 0 |
_aManual del catequista postconciliar / _cP. Chico González. |
| 260 |
_a[Burgos : _bCentro Vocacional "La Salle", _c1970] |
||
| 300 |
_a2 v. ; _c22 cm. |
||
| 852 |
_aES-MaACL _jC-48461-2 _bR.72738 |
||
| 999 |
_c51620 _d51620 |
||